000 00451cam a2200181ua 4500
020 _a0-12-498303-0
041 _aeng
_h
082 _a628.161
_bMIN/WA
100 _aMinear, Roger A .
245 _aWater analysis, Vol 3 /
_cRoger A Minear.
_hTextual Documents
250 _a1 /
_b.
260 _aNew York :
_bAcademic Press ,
_c1982.
300 _a456 ; .
504 _a
700 1 _aKeith, Lawrence H.
942 _cBK
999 _c11099
_d11099